000
00202nam a2200085 4500
001
1254908
005
20251128141458.0
245
_a
BİTKİLER DÜNYASI
_c
POPÜLER BİLİM KİTAPLARI
260
_b
İLETİŞİM
999
_c
1254908
_d
1254908